|
|
|
|
| LEADER |
00000ntmaa2200000 a 4500 |
| 001 |
vtls011704639 |
| 003 |
SK-MaSNL |
| 005 |
20260301094640.0 |
| 008 |
230802s1617 xx || 000 0 lat |
| 035 |
|
|
|a urn:nbn:sk:snk-tm00canh
|
| 035 |
|
|
|a urn:nbn:sk:snk-tm3n2d0
|
| 035 |
|
|
|a FE6E1859-3335-4B01-AFBD-44B738BEA82B
|
| 040 |
|
|
|a SNKLA
|b slo
|c SNKLA
|e AACR2
|
| 041 |
0 |
|
|a lat
|
| 044 |
|
|
|a xx
|
| 072 |
|
7 |
|a 27-78
|x Kresťanské združenia, spolky a organizácie. Rehoľné rády
|2 konspekt
|
| 080 |
|
|
|a 27-789.32
|2 2011
|
| 080 |
|
|
|a (0.02/.08:27-72)
|2 2011
|
| 080 |
|
|
|a 025.171
|2 2011
|
| 080 |
|
|
|a 27-7
|2 2011
|
| 080 |
|
|
|a 27-736
|2 2011
|
| 100 |
1 |
|
|a Végh, František
|4 aut
|9 428774
|
| 245 |
1 |
0 |
|a Conventuum, et Ministrorum Proalium Proae Marianae, nec non Capitulorum in ea celebratorum Series ...
|c Franciscus Végh
|
| 246 |
2 |
3 |
|a Conventuum, et Ministrorum Provincialium Provinciae Marianae, nec non Capitulorum in ea celebratorum Series ...
|
| 260 |
|
|
|a [Miesto vzniku nie je známe]
|c 1617
|
| 300 |
|
|
|a 51 strán
|b rukopis, viazaný
|c 32 cm
|
| 500 |
|
|
|a Titul na štítku prednej dosky
|
| 520 |
2 |
|
|a Zoznam založených konventov Mariánskej provincie z rokov 1270-1619; prehľad rokov a miest, v ktorých sa konali provinciálne kapituly v rokoch 1295-1743; tabuľka úradov provinciálnej kapituly v Stoličnom Belehrade v roku 1531; tabuľka definitória provinciálnej kapituly vo Veľkom Varadíne roku 1533
|
| 555 |
0 |
|
|a Inventár rukopisov Archívu literatúry a umenia Matice slovenskej. Rukopisy historických knižníc na Slovensku I. Martin: Matica slovenská 1992
|
| 610 |
2 |
7 |
|a Františkáni (Bratislava, Slovensko)
|b Mariánska provincia
|2 SNKLA
|9 50541
|
| 610 |
2 |
7 |
|a Františkáni
|2 SNKKA
|9 174796
|
| 650 |
0 |
7 |
|a cirkevná správa
|2 SNKPH
|9 73511
|
| 650 |
0 |
7 |
|a kapituly
|2 SNKPH
|9 83326
|
| 651 |
|
7 |
|a Stoličný Belehrad (Maďarsko)
|2 SNKPHgeo
|9 74028
|
| 651 |
|
7 |
|a Oradea (Rumunsko)
|2 SNKPHgeo
|9 23373
|
| 655 |
|
7 |
|a cirkevné dokumenty
|2 SNKPH
|9 179657
|
| 655 |
|
7 |
|a rukopisy
|2 SNKPH
|9 70548
|
| 852 |
|
|
|a Slovenská národná knižnica
|b Literárny archív
|
| 958 |
|
|
|a ZH
|
| 958 |
|
|
|a LAVD
|
| 999 |
|
|
|c 680903
|d 682833
|
| 952 |
|
|
|a SNKLA
|b SNKLA
|c SNKLA_DEP
|y NEVYP
|7 0
|p 17A1226079
|o snkRHKS 701
|0 0
|1 0
|4 0
|d 2017-07-27
|f 1
|l 0
|r 2026-02-23 19:56:18
|w 2026-02-23
|